| 000 | 00561nam a2200217Ia 4500 | ||
|---|---|---|---|
| 008 | 160319s9999 xx 000 0 und d | ||
| 020 | _a971-08-0615-7 | ||
| 050 | _aFIL GR 325 | ||
| 050 | _b.A68 1972 c.1 | ||
| 100 | _aAquino, Gaudencio V. | ||
| 245 | _aPhilippine legends / | ||
| 245 | _cGaudencio V. Aquino. | ||
| 260 | _aMandaluyong: | ||
| 260 | _bNational Books Store, | ||
| 260 | _c1972 | ||
| 300 | _a133 pages : | ||
| 300 | _billustrations ; | ||
| 300 | _c17 cm. | ||
| 650 | _aFolklore -- Philippines. | ||
| 650 | _xLegends -- Philippines. | ||
| 999 |
_c291702 _d291702 |
||